US States by Education - Statistics

General Stats
  • This quiz has been taken 54 times
  • The average score is 21 of 51
Answer Stats
Hint Answer % Correct
1 Massachusetts
100%
2 New York
78%
3 New Jersey
69%
8 Connecticut
63%
6 Vermont
63%
4 Washington
59%
50 Alabama
53%
45 Arkansas
47%
9 Virginia
47%
32 California
44%
7 Minnesota
44%
5 Pennsylvania
44%
37 Utah
44%
10 Wisconsin
44%
35 Colorado
41%
47 Idaho
41%
12 Maryland
41%
39 Mississippi
41%
16 New Hampshire
41%
48 Oklahoma
41%
15 Rhode Island
41%
46 West Virginia
41%
33 Hawaii
38%
22 Iowa
38%
29 Kansas
38%
49 New Mexico
38%
26 Ohio
38%
27 Alaska
34%
30 Georgia
34%
17 Illinois
34%
42 Louisiana
34%
13 Maine
34%
34 North Carolina
34%
38 South Carolina
34%
28 Tennesse
34%
40 Texas
34%
51 Arizona
31%
41 Florida
31%
43 Indiana
31%
31 Oregon
31%
11 Wyoming
31%
36 Delaware
28%
25 Kentucky
28%
23 Michigan
28%
24 Missouri
28%
20 Montana
28%
14 Nebraska
28%
44 Nevada
28%
19 North Dakota
28%
18 South Dakota
28%
21 Washington D.C.
25%
No matching quizzes found
Score Distribution
Percent of People with Each Score
Percentile by Number Answered
Your Score History
You have not taken this quiz